[Event "CFriend SH-2003-0-00014 email"]
[Site "Chessfriend.com"]
[Date "2003.12.09"]
[Round "?"]
[White "Krovel Velle, Tor"]
[Black "Lund, Jens Dahlen"]
[Result "0-1"]
[WhiteElo "2066"]
[BlackElo "2292"]
[PlyCount "22"]
[EventDate "2003.??.??"]
[EventType "tourn (corr)"]
[EventRounds "8"]
[SourceTitle "Corr 2008"]
[Source "ChessBase"]
[SourceDate "2008.06.24"]
[SourceVersion "1"]
[SourceVersionDate "2008.06.24"]
[SourceQuality "1"]

1. e4 d5 2. d4 dxe4 3. Nc3 Nf6 4. f3 exf3 5. Nxf3 e6 6. Bg5 Be7 7. Qd2 0-0 8. Bd3 c5 9. 0-0-0 cxd4 10. Nxd4 e5 11. Nf3 Nc6 0-1

[Event "CFriend SH-2003-0-00012 email"]
[Site "Chessfriend.com"]
[Date "2003.10.10"]
[Round "?"]
[White "Krovel Velle, Tor"]
[Black "Fekih, Brahim"]
[Result "0-1"]
[WhiteElo "2066"]
[BlackElo "2024"]
[PlyCount "48"]
[EventDate "2003.10.10"]
[EventType "tourn (corr)"]
[EventRounds "10"]
[SourceTitle "Corr 2008"]
[Source "ChessBase"]
[SourceDate "2008.06.24"]
[SourceVersion "1"]
[SourceVersionDate "2008.06.24"]
[SourceQuality "1"]

1. e4 e5 2. Nf3 d6 3. d4 exd4 4. Nxd4 g6 5. Nc3 Bg7 6. Be3 Nf6 7. Qd2 0-0 8. 0-0-0 Nc6 9. f3 a6 10. h4 Ne5 11. Bh6 Bxh6 12. Qxh6 c6 13. h5 Qe7 14. Be2 c5 15. Nb3 Be6 16. g4 Kh8 17. Qd2 Rad8 18. g5 Nxh5 19. f4 Ng3 20. fxe5 dxe5 21. Nd5 Bxd5 22. exd5 Nxh1 23. Rxh1 f5 24. gxf6 Rxf6 0-1

[Event "CFriend SH-2003-0-00012 email"]
[Site "Chessfriend.com"]
[Date "2003.10.10"]
[Round "1"]
[White "Marino, Maurizio"]
[Black "Krovel Velle, Tor"]
[Result "1-0"]
[WhiteElo "2130"]
[BlackElo "2058"]
[PlyCount "43"]
[EventDate "2003.10.10"]
[EventType "tourn (corr)"]
[EventRounds "10"]
[SourceTitle "Corr 2024"]
[Source "ChessBase"]
[SourceDate "2023.10.19"]
[SourceVersion "1"]
[SourceVersionDate "2023.10.19"]
[SourceQuality "1"]

1. d4 Nf6 2. c4 e6 3. Nf3 d5 4. g3 c6 5. Bg2 Nbd7 6. 0-0 Be7 7. Qc2 0-0 8. a4 a5 9. Nbd2 c5 10. cxd5 exd5 11. Nb1 Ne4 12. Nc3 Ndf6 13. dxc5 Bxc5 14. Bf4 Qb6 15. e3 Bf5 16. Nh4 Be6 17. Be5 Ng4 18. Bxe4 dxe4 19. Nxe4 Rac8 20. Bc3 Be7 21. Nf3 Bd5 22. Ned2 1-0

[Event "CFriend SH-2003-0-00011 email"]
[Site "Chessfriend.com"]
[Date "2003.09.16"]
[Round "?"]
[White "Dyakov, Alexander V"]
[Black "Krovel Velle, Tor"]
[Result "1-0"]
[WhiteElo "2292"]
[BlackElo "2058"]
[PlyCount "43"]
[EventDate "2003.09.16"]
[EventType "tourn (corr)"]
[EventRounds "10"]
[SourceTitle "Corr 2008"]
[Source "ChessBase"]
[SourceDate "2008.06.24"]
[SourceVersion "1"]
[SourceVersionDate "2008.06.24"]
[SourceQuality "1"]

1. e4 c5 2. Nc3 Nc6 3. g3 g6 4. Bg2 Bg7 5. d3 d6 6. f4 e6 7. Nf3 Nge7 8. 0-0 0-0 9. Be3 Nd4 10. Rb1 d5 11. Bf2 Nxf3+ 12. Qxf3 d4 13. Ne2 e5 14. c3 Be6 15. b4 Qd7 16. h3 dxc3 17. bxc5 exf4 18. gxf4 Nc6 19. e5 c2 20. Rbc1 Nb4 21. Qxb7 Qa4 22. Nc3 1-0

[Event "CFriend SH-2003-0-00011 email"]
[Site "Chessfriend.com"]
[Date "2003.09.16"]
[Round "?"]
[White "Staege, Martin"]
[Black "Krovel Velle, Tor"]
[Result "1-0"]
[WhiteElo "1972"]
[BlackElo "2058"]
[PlyCount "33"]
[EventDate "2003.09.16"]
[EventType "tourn (corr)"]
[EventRounds "10"]
[SourceTitle "Corr 2008"]
[Source "ChessBase"]
[SourceDate "2008.06.24"]
[SourceVersion "1"]
[SourceVersionDate "2008.06.24"]
[SourceQuality "1"]

1. f4 d5 2. Nf3 Nf6 3. e3 Bg4 4. h3 Bxf3 5. Qxf3 Nbd7 6. Be2 e5 7. 0-0 e4 8. Qg3 Bd6 9. b3 Qe7 10. a4 0-0-0 11. Ba3 h6 12. Bxd6 Qxd6 13. Na3 a6 14. Qe1 g5 15. c4 gxf4 16. Rxf4 d4 17. Bg4 1-0

[Event "IECG CP.1999.Q.00018"]
[Site "IECG email"]
[Date "2000.10.01"]
[Round "?"]
[White "Timar, Zsolt"]
[Black "Krovel Velle, Tor"]
[Result "1-0"]
[WhiteElo "2243"]
[BlackElo "1910"]
[PlyCount "61"]
[EventDate "2000.10.01"]
[EventType "tourn (corr)"]
[EventRounds "8"]
[EventCountry "GER"]
[SourceTitle "Corr 2008"]
[Source "ChessBase"]
[SourceDate "2008.06.24"]
[SourceVersion "1"]
[SourceVersionDate "2008.06.24"]
[SourceQuality "1"]

1. d4 Nf6 2. c4 e6 3. Nf3 d5 4. Bg5 c6 5. e3 Nbd7 6. Nc3 Qa5 7. Nd2 Bb4 8. Qc2 0-0 9. Be2 c5 10. 0-0 cxd4 11. Nb3 Qb6 12. exd4 dxc4 13. Bxc4 Qc7 14. Qe2 Bxc3 15. bxc3 Nd5 16. Rac1 b6 17. Bb5 a6 18. c4 axb5 19. cxd5 Qd6 20. dxe6 fxe6 21. Rfe1 Bb7 22. Bh4 Rfc8 23. Rxc8+ Rxc8 24. f3 Bd5 25. Qxb5 Bc4 26. Qa4 b5 27. Qa7 Qd5 28. Qa3 Ra8 29. Qb2 Ra4 30. Bf2 Qa8 31. Ra1 1-0

[Event "IECG FI.2000.0.00005 Jim Krepp mem III"]
[Site "IECG email"]
[Date "2000.04.01"]
[Round "?"]
[White "Krovel Velle, Tor"]
[Black "Freire, Daniel J"]
[Result "1/2-1/2"]
[WhiteElo "1699"]
[BlackElo "1761"]
[PlyCount "69"]
[EventDate "2000.04.01"]
[EventType "tourn (corr)"]
[EventRounds "14"]
[SourceTitle "Corr 2008"]
[Source "ChessBase"]
[SourceDate "2008.06.24"]
[SourceVersion "1"]
[SourceVersionDate "2008.06.24"]
[SourceQuality "1"]

1. e4 d5 2. exd5 Qxd5 3. Nc3 Qa5 4. d4 c6 5. Bc4 Bf5 6. Nf3 Nf6 7. Bd2 e6 8. Nd5 Qd8 9. Nxf6+ gxf6 10. c3 Nd7 11. Nh4 Bg6 12. Qf3 f5 13. Nxg6 hxg6 14. 0-0-0 Nb6 15. Bb3 a5 16. Qe2 Be7 17. a3 Nd5 18. c4 Nf6 19. d5 a4 20. dxc6 axb3 21. cxb7 Rb8 22. Bf4 Nd7 23. Rxd7 Qxd7 24. Bxb8 Qxb7 25. Be5 Qxg2 26. Rd1 Rh4 27. Qd3 Qc6 28. Qxb3 Qxc4+ 29. Qxc4 Rxc4+ 30. Kd2 f6 31. Bc3 Rh4 32. b4 Rxh2 33. Ke2 e5 34. a4 Rh3 35. Rc1 1/2-1/2

[Event "IECG FI.2000.0.00005 Jim Krepp mem III"]
[Site "IECG email"]
[Date "2000.04.01"]
[Round "?"]
[White "Krovel Velle, Tor"]
[Black "Weggen, Rick HM"]
[Result "1-0"]
[WhiteElo "1699"]
[BlackElo "1690"]
[PlyCount "61"]
[EventDate "2000.04.01"]
[EventType "tourn (corr)"]
[EventRounds "14"]
[SourceTitle "Corr 2008"]
[Source "ChessBase"]
[SourceDate "2008.06.24"]
[SourceVersion "1"]
[SourceVersionDate "2008.06.24"]
[SourceQuality "1"]

1. e4 g6 2. d4 d6 3. Nc3 Nf6 4. Be3 Bg7 5. Qd2 0-0 6. f3 Nbd7 7. g4 c5 8. Nge2 Nb6 9. b3 cxd4 10. Bxd4 Be6 11. 0-0-0 Nbd7 12. h4 Qa5 13. h5 Ne5 14. Bg2 Rac8 15. hxg6 fxg6 16. g5 Nh5 17. Rxh5 gxh5 18. f4 Ng4 19. Bxg7 Kxg7 20. Kb2 Kh8 21. Rh1 Bf7 22. Bf3 b5 23. Bxg4 hxg4 24. Qd4+ Kg8 25. Nd5 Rfe8 26. f5 Bxd5 27. exd5 Qc7 28. c3 b4 29. c4 Qc5 30. Qe4 e5 31. f6 1-0

[Event "IECG FI.2000.0.00005 Jim Krepp mem III"]
[Site "IECG email"]
[Date "2000.04.01"]
[Round "?"]
[White "Stillerud, Lennart"]
[Black "Krovel Velle, Tor"]
[Result "1-0"]
[WhiteElo "1851"]
[BlackElo "1699"]
[PlyCount "69"]
[EventDate "2000.04.01"]
[EventType "tourn (corr)"]
[EventRounds "14"]
[SourceTitle "Corr 2008"]
[Source "ChessBase"]
[SourceDate "2008.06.24"]
[SourceVersion "1"]
[SourceVersionDate "2008.06.24"]
[SourceQuality "1"]

1. e4 c5 2. Nf3 Nc6 3. d4 cxd4 4. Nxd4 Nf6 5. Nc3 e5 6. Ndb5 d6 7. Bg5 a6 8. Na3 b5 9. Bxf6 gxf6 10. Nd5 f5 11. Bd3 Be6 12. 0-0 Bxd5 13. exd5 Ne7 14. c3 Bg7 15. Qh5 Qd7 16. Rad1 Rc8 17. Bb1 Rc5 18. Nc2 Rxd5 19. Nb4 Rxd1 20. Rxd1 e4 21. Nxa6 d5 22. Nb4 0-0 23. a3 d4 24. cxd4 Ng6 25. Qg5 Bxd4 26. Kh1 Rd8 27. g4 Qe7 28. Qxe7 Nxe7 29. gxf5 Nxf5 30. Bxe4 Ne7 31. Bc6 Nf5 32. Rd2 Rc8 33. Bxb5 Kf8 34. a4 Bc5 35. Rc2 1-0

[Event "IECG CM.2000.0.00116"]
[Site "IECG email"]
[Date "2000.??.??"]
[Round "?"]
[White "Fahrbach, Manfred"]
[Black "Krovel Velle, Tor"]
[Result "0-1"]
[WhiteElo "2273"]
[BlackElo "1902"]
[PlyCount "50"]
[EventDate "2000.08.28"]
[EventType "tourn (corr)"]
[EventRounds "6"]
[SourceTitle "Corr 2008"]
[Source "ChessBase"]
[SourceDate "2008.06.24"]
[SourceVersion "1"]
[SourceVersionDate "2008.06.24"]
[SourceQuality "1"]

1. e4 e6 2. d4 d5 3. Nc3 Bb4 4. e5 c5 5. a3 Bxc3+ 6. bxc3 Ne7 7. Qg4 Qc7 8. Qxg7 Rg8 9. Qxh7 cxd4 10. Ne2 Nbc6 11. f4 Bd7 12. Qd3 dxc3 13. Nxc3 a6 14. Bb2 Na5 15. Qf3 Nc4 16. Bxc4 Qxc4 17. g3 Nf5 18. Rd1 0-0-0 19. Qd3 Bc6 20. Ne2 Qe4 21. Qxe4 dxe4 22. Rxd8+ Rxd8 23. Bc1 e3 24. Rg1 Be4 25. Nc3 Bxc2 0-1

[Event "IECG WC.2003.P.00008 email"]
[Site "IECG email"]
[Date "2000.??.??"]
[Round "?"]
[White "Krovel Velle, Tor"]
[Black "Crutchley, Dale"]
[Result "1/2-1/2"]
[WhiteElo "1699"]
[BlackElo "1978"]
[PlyCount "67"]
[EventDate "2000.01.26"]
[EventType "tourn (corr)"]
[EventRounds "10"]
[SourceTitle "Corr 2008"]
[Source "ChessBase"]
[SourceDate "2008.06.24"]
[SourceVersion "1"]
[SourceVersionDate "2008.06.24"]
[SourceQuality "1"]

1. e4 e5 2. Nf3 Nc6 3. Bb5 a6 4. Ba4 Nf6 5. 0-0 Be7 6. Re1 b5 7. Bb3 0-0 8. h3 Bb7 9. d3 d6 10. c3 Na5 11. Bc2 c5 12. Nbd2 Re8 13. Nf1 Bf8 14. Bg5 h6 15. Bh4 g6 16. Ne3 Bg7 17. Qd2 Nc6 18. a4 b4 19. Bxf6 Bxf6 20. Nd5 Bg7 21. a5 bxc3 22. bxc3 Nxa5 23. c4 Bxd5 24. cxd5 Nb7 25. Ba4 Rf8 26. Reb1 Qc7 27. Qb2 Nd8 28. Qb6 Qe7 29. Bc6 Ra7 30. Rxa6 Rxa6 31. Qxa6 f5 32. Ba4 Nf7 33. Nd2 Qg5 34. Nf3 1/2-1/2

[Event "IECG CM.2000.0.00116"]
[Site "IECG email"]
[Date "2000.??.??"]
[Round "?"]
[White "Lund, Jens Dahlen"]
[Black "Krovel Velle, Tor"]
[Result "1/2-1/2"]
[WhiteElo "2234"]
[BlackElo "1902"]
[PlyCount "65"]
[EventDate "2000.08.28"]
[EventType "tourn (corr)"]
[EventRounds "6"]
[SourceTitle "Corr 2008"]
[Source "ChessBase"]
[SourceDate "2008.06.24"]
[SourceVersion "1"]
[SourceVersionDate "2008.06.24"]
[SourceQuality "1"]

1. d4 Nf6 2. c4 e6 3. Nf3 d5 4. Nc3 c6 5. Bg5 dxc4 6. e4 b5 7. e5 h6 8. Bh4 g5 9. Nxg5 hxg5 10. Bxg5 Nbd7 11. exf6 Bb7 12. g3 c5 13. d5 Nxf6 14. Bg2 Bh6 15. Bxf6 Qxf6 16. 0-0 0-0-0 17. Nxb5 a6 18. Nc3 exd5 19. Nxd5 Bxd5 20. Bxd5 Qf5 21. Qa4 Qxd5 22. Qxa6+ Kc7 23. Rfe1 Bg7 24. Re7+ Rd7 25. Qa7+ Kc6 26. Qa4+ Kc7 27. Rae1 Bd4 28. Qa7+ Kc8 29. Re8+ Rd8 30. Qa6+ Kb8 31. Rxd8+ Rxd8 32. Re7 Bxf2+ 33. Kxf2 1/2-1/2

[Event "IECG WC.2003.P.00008 email"]
[Site "IECG email"]
[Date "2000.??.??"]
[Round "?"]
[White "Ortega Magallanes, Pablo"]
[Black "Krovel Velle, Tor"]
[Result "0-1"]
[WhiteElo "1785"]
[BlackElo "1699"]
[PlyCount "40"]
[EventDate "2000.01.26"]
[EventType "tourn (corr)"]
[EventRounds "10"]
[SourceTitle "Corr 2024"]
[Source "ChessBase"]
[SourceDate "2023.10.19"]
[SourceVersion "1"]
[SourceVersionDate "2023.10.19"]
[SourceQuality "1"]

1. c4 Nf6 2. Nf3 c6 3. g3 d5 4. d4 g6 5. Bg2 dxc4 6. Ne5 Be6 7. Na3 Nbd7 8. Naxc4 Bg7 9. 0-0 Nxe5 10. Nxe5 Nd7 11. Nf3 Qb6 12. b3 0-0 13. Bf4 Bg4 14. Rc1 Rad8 15. Be3 Bxf3 16. Bxf3 Ne5 17. dxe5 Rxd1 18. Bxb6 Rxf1+ 19. Kxf1 axb6 20. e6 Rd8 0-1

[Event "IECG L1.1999.0.00007 email"]
[Site "IECG email"]
[Date "1999.11.12"]
[Round "?"]
[White "Krovel Velle, Tor"]
[Black "Peto, Peter"]
[Result "1-0"]
[WhiteElo "1618"]
[BlackElo "2118"]
[PlyCount "65"]
[EventDate "1999.11.12"]
[EventType "tourn (corr)"]
[EventRounds "14"]
[SourceTitle "Corr 2008"]
[Source "ChessBase"]
[SourceDate "2008.06.24"]
[SourceVersion "1"]
[SourceVersionDate "2008.06.24"]
[SourceQuality "1"]

1. e4 e5 2. Nf3 Nc6 3. Bb5 a6 4. Ba4 Nf6 5. 0-0 Be7 6. Re1 b5 7. Bb3 0-0 8. c3 d5 9. exd5 Nxd5 10. Nxe5 Nxe5 11. Rxe5 c6 12. d4 Bd6 13. Re1 Qh4 14. g3 Qh3 15. Be3 Bg4 16. Qd3 Rae8 17. Nd2 Re6 18. a4 Qh5 19. axb5 axb5 20. Ne4 Bc7 21. Bd2 Rfe8 22. Bd1 Bxd1 23. Rexd1 f5 24. Ng5 Re2 25. Qxf5 Nf6 26. Qf3 Qxf3 27. Nxf3 Ne4 28. Be1 Rxb2 29. Ra6 c5 30. dxc5 Nxc5 31. Rc6 Ne6 32. Rd2 Re7 33. Rxb2 1-0

[Event "IECG L1.1999.0.00007 email"]
[Site "IECG email"]
[Date "1999.11.12"]
[Round "?"]
[White "Krovel Velle, Tor"]
[Black "Stillerud, Lennart"]
[Result "1-0"]
[WhiteElo "1618"]
[BlackElo "1675"]
[PlyCount "105"]
[EventDate "1999.11.12"]
[EventType "tourn (corr)"]
[EventRounds "14"]
[SourceTitle "Corr 2008"]
[Source "ChessBase"]
[SourceDate "2008.06.24"]
[SourceVersion "1"]
[SourceVersionDate "2008.06.24"]
[SourceQuality "1"]

1. e4 c5 2. Nf3 e6 3. d4 cxd4 4. Nxd4 Nf6 5. Nc3 d6 6. Bc4 Be7 7. Be3 Nc6 8. Qe2 a6 9. 0-0-0 0-0 10. Bb3 Qe8 11. Rhg1 Nd7 12. g4 Nc5 13. g5 b5 14. Qh5 b4 15. Nxc6 Nxb3+ 16. axb3 Qxc6 17. Bd4 Bb7 18. Nd5 exd5 19. Rd3 Rfc8 20. c3 dxe4 21. Rh3 Kf8 22. g6 h6 23. Bxg7+ Ke8 24. gxf7+ Kd7 25. Qf5+ Kc7 26. c4 a5 27. Rxh6 Qd7 28. Re6 Bc6 29. Rgg6 Kb6 30. c5+ Ka6 31. Kb1 Kb7 32. Rxe7 Qxe7 33. Re6 Qd7 34. Qf6 Rc7 35. f8Q Rxf8 36. Bxf8 dxc5 37. Bd6 e3 38. Re7 exf2 39. Rxd7 Rxd7 40. Qxf2 Rxd6 41. Qxc5 Rd5 42. Qe7+ Bd7 43. Qf7 Kc6 44. h4 Kd6 45. h5 Be6 46. Qf4+ Ke7 47. Qh4+ Ke8 48. h6 Bf5+ 49. Kc1 Rc5+ 50. Kd2 Rd5+ 51. Ke3 Rd3+ 52. Ke2 Rd7 53. Qf6 1-0

[Event "IECG L1.1999.0.00007 email"]
[Site "IECG email"]
[Date "1999.11.12"]
[Round "?"]
[White "Newton, Hobart E"]
[Black "Krovel Velle, Tor"]
[Result "1/2-1/2"]
[WhiteElo "1986"]
[BlackElo "1618"]
[PlyCount "38"]
[EventDate "1999.11.12"]
[EventType "tourn (corr)"]
[EventRounds "14"]
[SourceTitle "Corr 2008"]
[Source "ChessBase"]
[SourceDate "2008.06.24"]
[SourceVersion "1"]
[SourceVersionDate "2008.06.24"]
[SourceQuality "1"]

1. e4 c5 2. c3 g6 3. d4 cxd4 4. cxd4 d5 5. exd5 Nf6 6. Nc3 Nxd5 7. Qb3 Nb6 8. Bb5+ Bd7 9. Nf3 Bg7 10. Bxd7+ Qxd7 11. Ne5 Bxe5 12. dxe5 Nc6 13. e6 fxe6 14. 0-0 Nd4 15. Qd1 0-0 16. Bh6 Rfd8 17. Qe1 Nf5 18. Bg5 Nd5 19. Rd1 Qc6 1/2-1/2